The complete recordings /

Bibliographic Details
Main Author: Johnson, Robert, 1911-1938
Format: CD Audio
Language:English
Published: New York, NY : CBS Records, [1990]
Series:Roots n' blues.
Subjects:

MARC

Tag First Indicator Second Indicator Subfields
LEADER 00000cjm a2200000ua 4500
001 in00001185621
005 20151001092706.0
007 sd fmngnnmmnee
008 901031s1990 nyubln aefhi eng d
028 0 0 |a C2K 46222  |b CBS Records 
028 0 0 |a CK 46233  |b CBS Records 
028 0 0 |a CK 46234  |b CBS Records 
033 2 |a 19361123  |a 19361127  |b 4034  |c S3 
033 2 |a 19370619  |a 19370620  |b 4034  |c D3 
035 |a (OCoLC)29071869 
035 |9 AGG3083AM 
040 |a MNU  |c MNU  |d UtOrBLW 
041 0 |d eng  |g eng 
043 |a n-us---  
045 |a x3x3 
048 |a vn01  |a tb01 
049 |a TXAV 
090 |a M1670.J62  |b C6 1990 
100 1 |a Johnson, Robert,  |d 1911-1938. 
240 1 0 |a Songs 
245 1 4 |a The complete recordings /  |c Robert Johnson. 
264 1 |a New York, NY :  |b CBS Records,  |c [1990] 
264 4 |c ℗1990 
300 |a 2 sound discs :  |b digital, stereo ;  |c 4 3/4 in. 
336 |a performed music  |b prm  |2 rdacontent 
337 |a audio  |b s  |2 rdamedia 
338 |a audio disc  |b sd  |2 rdacarrier 
490 1 |a Roots n' blues 
500 |a Compact discs. 
500 |a CBS Records: C2K46222 (CK 46233--46234) 
500 |a Blues songs with guitar; sung in English. 
518 |a Recorded in San Antonio, Texas, Nov. 23-27, 1936 and in Dallas, Texas, June 19-20, 1937. 
500 |a "All 41 recordings of Robert Johnson." -- Container. 
500 |a Analog recording. 
500 |a Program notes and song texts in English (47 pages : ill.) in container. 
500 |a Two containers and program notes (14 x 29 cm.) in one large container (16 x 31 cm.). 
505 0 |a Kindhearted woman blues -- I believe I'll dust my broom -- Sweet home Chicago -- Rambling on my mind -- When you got a good friend -- When you got a good friend -- Come on in my kitchen -- Terraplane blues -- Phonograph blues -- 32-20 blues -- They're red hot -- Dead shrimp blues -- Cross road blues -- Walking blues -- Last fair deal gone down. 
505 0 |a Preaching blues (up jumped the devil) -- If I had possession over judgement day -- Stones in my passway -- I'm a steady rollin' man -- From four till late -- Hellhound on my trail -- Little queen of spades -- Malted milk -- Drunken hearted man -- Me and the devil blues -- Stop breakin' down blues -- Traveling riverside blues -- Honeymoon blues -- Love in vain -- Milkcow's calf blues. 
500 |a Sound recording. 
650 0 |a Songs with guitar. 
650 0 |a Blues (Music) 
650 0 |a African Americans  |v Music. 
830 0 |a Roots n' blues. 
999 |a MARS 
999 f f |s b3eac0e5-31d5-3ccf-af0f-7e3e5d5850e4  |i 88a479f9-11a7-3794-aa1e-ed7ccef9220e  |t 0 
952 f f |p ric  |a Texas A&M University  |b Rellis Campus  |c Joint Library Facility  |d Remote Storage  |t 0  |e M1670.J62 C6 1990  |h Library of Congress classification  |i unmediated -- volume  |k disc 2  |m A14830053925 
952 f f |p ric  |a Texas A&M University  |b Rellis Campus  |c Joint Library Facility  |d Remote Storage  |t 0  |e M1670.J62 C6 1990  |h Library of Congress classification  |i unmediated -- volume  |k disc 1  |m A14830053967 
998 f f |a M1670.J62 C6 1990  |t 0  |l Remote Storage